000 00741nam a22002417a 4500
003 UA-OsUOA
001 50955
007 ta
008 20140715b un ||||| |||| 00| 0 ukr d
100 _aБагалій Д.І.
090 _a94(477)
_bБ14
942 _cBK
040 _aUA-OsUOA
_bukr
_cUA-OsUOA
_dUA-OsUOA
245 _aНарис історії України на соціяльно-економічному грунті.
300 _a389 с.
955 _a1
041 _aukr
080 _a94(477)
260 _aК.
_c1928
650 7 _a9 Географія. Біографії. Історія
_2UDC
999 _c431088
_d431088